| 000 | 00455nam a2200193Ia 4500 | ||
|---|---|---|---|
| 005 | 20240823025441.0 | ||
| 008 | 240823s9999||||xx |||||||||||||| ||und|| | ||
| 020 | _a978-81-8355-358-2 | ||
| 041 | _aENGLISH | ||
| 082 | _A153.43 Q0 | ||
| 100 | _aGKP Koncept Books | ||
| 245 | 0 | _aGATE 2011 General Aaptitude & Mathematics | |
| 250 | _a1st | ||
| 260 |
_c2011 _bG K |
||
| 500 | _aYES | ||
| 650 |
_aGATE _bMathematics |
||
| 942 | _cBK | ||
| 999 |
_c186352 _d186352 |
||